|
|
|
|
| LEADER |
00779nta a2200205 i 4500 |
| 001 |
dokt7212 |
| 005 |
20200313101055.0 |
| 008 |
200310s2001 hu om 0|| eng d |
| 024 |
7 |
|
|a 31236391
|2 mtmt
|
| 040 |
|
|
|a SZTE Doktori Repozitórium
|b hun
|
| 041 |
|
|
|a eng
|
| 100 |
1 |
|
|a Csonka Erika
|
| 245 |
1 |
0 |
|a Generation of prototype human satellite DNA-based artificial chromosomes
|h [elektronikus dokumentum] /
|c Csonka Erika
|
| 260 |
|
|
|c 2001
|
| 502 |
|
|
|a Disszertacio
|
| 650 |
|
4 |
|a biológiai tudományok
|
| 695 |
|
|
|a Mikrobiológia
|
| 700 |
1 |
|
|a Hadlaczky Gyula
|e ths
|
| 856 |
4 |
0 |
|u https://doktori.bibl.u-szeged.hu/id/eprint/7212/1/2001_csonka_erika.pdf
|z Dokumentum-elérés
|
| 856 |
4 |
0 |
|u https://doktori.bibl.u-szeged.hu/id/eprint/7212/2/2001_csonka_erika_publikaciok.pdf
|z Dokumentum-elérés
|